000 00286nam a22001337a 4500
003 SGT
082 _a617.643
_bC17G
100 _aGUPTA,MEGHA
245 _aA COMPARETIVE STUDY OF DIAGNOSTIC
260 _aSGTU
_c2017
300 _a61
650 _aORAL SURGERY DENTAL
942 _2ddc
_cTH
999 _c20635
_d20635